Zona de Cambio /
Relata el desarrollo de la Investigación universitaria en la UCR, desde su creación hasta la actualidad, con comentarios de los siguientes especialistas: Dr. Juan Pastor G., Dra. Cisca Raventós V., Dra. Laura Guzmán S., Dr. Gabriel Macaya T., MSc. Isabel Ulate, Licda. Clotilde Obregon Q., Lic. Rodri...
Kaydedildi:
| Yazar: | |
|---|---|
| Müşterek Yazar: | |
| Diğer Yazarlar: | |
| Materyal Türü: | Metin |
| Dil: | Spanish |
| Baskı/Yayın Bilgisi: |
San José:
UCR. SEP
|
| Etiketler: |
Etiketle
Etiket eklenmemiş, İlk siz ekleyin!
|
MARC
| LEADER | 00000 a a2200000 04500 | ||
|---|---|---|---|
| 001 | 30271 | ||
| 003 | cru CIDCACS/IIS | ||
| 005 | 20171023140748.0 | ||
| 008 | 170921b xxu||||| |||| 00| 0 spa d | ||
| 999 | |c 13476 |d 13476 | ||
| 040 | |c cru CIDCACS/IIS | ||
| 090 | |a RE 18.01.01 C512z | ||
| 100 | |a Chavarria V, Gerardo | ||
| 110 | |a UCR. SEP | ||
| 245 | |a Zona de Cambio / |c Gerardo Chavarria V. | ||
| 260 | |a San José: |b UCR. SEP | ||
| 300 | |b il. | ||
| 500 | |a Video en mal estado | ||
| 520 | |a Relata el desarrollo de la Investigación universitaria en la UCR, desde su creación hasta la actualidad, con comentarios de los siguientes especialistas: Dr. Juan Pastor G., Dra. Cisca Raventós V., Dra. Laura Guzmán S., Dr. Gabriel Macaya T., MSc. Isabel Ulate, Licda. Clotilde Obregon Q., Lic. Rodrigo Zeledon, Licda. Isabel Carpio M./RAM | ||
| 700 | |a Cavallini A, Efrain |a Zeledon C, Lilliana | ||
| 942 | |2 ddc |c RE | ||
